33_岡山県の市町村(ひらがな対応・五十音順) - Statistics

General Stats
  • This quiz has been taken 53 times
  • The average score is 22 of 27
Answer Stats
種類 市町村名 % Correct
岡山市
100%
倉敷市
100%
赤磐市
93%
瀬戸内市
93%
津山市
93%
吉備中央町
90%
総社市
90%
玉野市
90%
新見市
90%
真庭市
90%
高梁市
88%
浅口市
85%
笠岡市
85%
備前市
85%
美作市
85%
井原市
78%
西粟倉村
78%
新庄村
76%
里庄町
73%
和気町
73%
鏡野町
71%
美咲町
68%
久米南町
66%
勝央町
66%
早島町
66%
矢掛町
66%
奈義町
61%
No matching quizzes found
Score Distribution
Percent of People with Each Score
Percentile by Number Answered
Your Score History
You have not taken this quiz